Discurs llegit per lo President Félix Pizcueta y Gallel al inaugurarse els treballs del any 1884 á 1885. (Record no. 162219)

MARC details
000 -LEADER
campo de control de longitud fija 00785nam a2200193 i 4500
001 - NÚMERO DE CONTROL
campo de control 162219
003 - IDENTIFICADOR DE NÚMERO DE CONTROL
campo de control ES-MaACL
005 - FECHA Y HORA DE LA ÚLTIMA TRANSACCIÓN
campo de control 20250730063143.0
008 - DATOS DE LONGITUD FIJA--INFORMACIÓN GENERAL
campo de control de longitud fija 041103s1884 sp |||| | val d
040 ## - FUENTE DE CATALOGACIÓN
Centro catalogador/agencia de origen CAM
Lengua de catalogación spa
Centro/agencia transcriptor CAM
100 1# - ENTRADA PRINCIPAL--NOMBRE DE PERSONA
Nombre de persona Pizcueta, Félix,
Fechas asociadas al nombre 1837-1890
9 (RLIN) 92456
245 10 - MENCIÓN DEL TÍTULO
Título Discurs llegit per lo President Félix Pizcueta y Gallel al inaugurarse els treballs del any 1884 á 1885.
260 ## - PUBLICACIÓN, DISTRIBUCIÓN, ETC.
Lugar de publicación, distribución, etc. Valencia :
Nombre del editor, distribuidor, etc. [s.n.],
Fecha de publicación, distribución, etc. [1884?] (
Fabricante Emprenta de Manuel Alufre)
300 ## - DESCRIPCIÓN FÍSICA
Extensión 13 p. ;
Dimensiones 20 cm.
594 ## - Nota al título y mención de responsabilidad
Nota al título y mención de responsabilidad Precede al tít.: Lo Rat Penat. Societat de Amadors de les glories valencianes.
596 ## - NOTA AL PIE DE IMPRENTA
NOTA AL PIE DE IMPRENTA Año tomado del título.
852 ## - LOCALIZACIÓN
Ubicación ES-MaACL
Número de control de estantería T-471-F-8
Nota libre -- Enc. hol.
condición física -- Falto de la cub. original
Nota libre -- Enc. en un vol. facticio
Holdings
Estatus retirado Estado de pérdida Estado de daño No para préstamo Colección Biblioteca de origen Biblioteca actual Ubicación en estantería Fecha de adquisición Total de préstamos Signatura topográfica completa Código de barras Visto por última vez Precio de reemplazo Tipo de ítem Koha
        Colección de folletos Biblioteca del Ateneo de Madrid Biblioteca del Ateneo de Madrid Depósito folletos 17/01/2008   T-471-F-8 1169945 23/02/2023 23/02/2023 Folleto